Cities in Poland - Sudden Death - Statistics

General Stats
  • This quiz has been taken 73 times
  • The average score is 11 of 12
Answers on the Grid
Answers color-coded by a green-red scale on the quiz's grid according to % correct below.
Bratislava
Brno
Bydgoszcz
Donetsk
Gdańsk
Gdynia
Innsbruck
Karlovy Vary
Katowice
Kharkiv
Kraków
Łódź
Lublin
Lucerne
Poznań
Prague
Rostock
Samara
Szczecin
Vilnius
Warsaw
Wrocław
Yekaterinburg
Zielona Góra
 
Answer Stats
Answer % Correct
Bydgoszcz
96%
Łódź
96%
Poznań
96%
Szczecin
96%
Warsaw
96%
Wrocław
96%
Gdańsk
93%
Katowice
93%
Kraków
93%
Gdynia
85%
Zielona Góra
81%
Lublin
78%
No matching quizzes found
Score Distribution
Percent of People with Each Score
Percentile by Number Answered
Your Score History
You have not taken this quiz